00946 a2200205 45000010006000000050017000060080041000230030015000640400040000790800031001192450063001500200018002132500013002312640047002443000019002915050364003100410008006741000030006827000028007125492920260407155824.0260407a1978 arg spa dAR-UNSa-BCEJYS aAR-UNSa-BCEJYSbspacAR-UNSa-BCEJYS a330xEconomía en general10aIntroducción a la economíapun enfoque estructuralista a968-23-0134-3 a28a. ed. 1aMéxico :bSiglo Veintiuno editoresc1978 a164 p.c21 cm. a1. El sistema económico – 2.El sistema económico (producción y el destino de los flujos) – 3.La circulación en el sistema económico – 4.Relaciones con el exterior – 5.El sector público – 6. El sistema monetario-financiero – 7.La unidad productiva en el sistema económico – 8.El reparto de la producción en el sistema económico. aspa1 aBarros de Castro, Antonio1 aLessa, Carlos Francisco